000 00548nam a2200217 a 4500
005 20210219153502.0
008 991125n 000 0 eng u
035 _aUPN01000102351
100 _aKOWITZ, Gerald T.
222 _aEDUCATIONAL FORUM
245 _aThe tiger in the curriculum
260 _aINDIANA, EUA
300 _a55-63
362 _a1970 Vol.35, no. 1, nov.
653 0 _aCOMPUTADORA
653 0 _aCURRICULUM
653 0 _aJUEGOS EDUCATIVOS
653 0 _aSOFTWARE EDUCATIVO
904 _aAC
_b040162
905 _aArticulo
999 _c78149
_d78149